00482nam a2200193 a 4500001001300000003000900013005001700022008004100039020001000080082001400090100002100104245002200125260004100147300000900188500003500197505001400232650002100246700002100267nice12345678IN_TiNIC20260116011349.0050524s1924 luca grp 000 0 urd  ac10000a245bSAD2 aSada, Isa Charan aFirdaus Gum Shuda aLucknowbGulzar-E-syedi Press c1924 a400p aincludes index and biblioraphy2 areference aChristian-Poetry1 aSada, Isa Charan